000 00331nam a22001457a 4500
008 190129b xxu||||| |||| 00| 0 eng d
020 _a9780801666636
041 _aeng
080 _a618
082 _25 th
_a618
100 _a10
101 _aGJI
245 _aMaternity & Gynecologic care
_cBobak M. Irene
942 _2udc
_cBK
999 _c53873
_d53873